| 000 -LEADER |
| fixed length control field |
00827cam a22002294a 4500 |
| 020 ## - INTERNATIONAL STANDARD BOOK NUMBER |
| ISBN |
1565492137 (pbk. : alk. paper) |
| 020 ## - INTERNATIONAL STANDARD BOOK NUMBER |
| ISBN |
1565492145 (alk. paper) |
| 020 ## - INTERNATIONAL STANDARD BOOK NUMBER |
| ISBN |
9781565492134 |
| 040 ## - CATALOGING SOURCE |
| Transcribing agency |
DLC |
| 082 00 - DEWEY DECIMAL CLASSIFICATION NUMBER |
| Classification number |
323 KUM 2006 A017 Or. |
| 245 00 - TITLE STATEMENT |
| Title |
Non-state actors in the human rights universe / |
| 260 ## - PUBLICATION, DISTRIBUTION, ETC. (IMPRINT) |
| Place of publication |
Bloomfield, CT : |
| Name of publisher |
Kumarian Press, Inc., |
| Year of publication |
2006. |
| 300 ## - PHYSICAL DESCRIPTION |
| Number of Pages |
xxx, 352 p. : |
| Other physical details |
ill. ; |
| Dimensions |
23 cm. |
| 520 ## - SUMMARY, ETC. |
| Summary, etc |
"This book provides a new approach to the study of human rights and the issues of globalization and state sovereignty"--Provided by publisher. |
| 650 #0 - SUBJECT ADDED ENTRY--TOPICAL TERM |
| Topical Term |
Human rights. |
| 650 #0 - SUBJECT ADDED ENTRY--TOPICAL TERM |
| Topical Term |
Globalization. |
| 700 1# - ADDED ENTRY--PERSONAL NAME |
| Personal name |
Andreopoulos, George J. |
| 700 1# - ADDED ENTRY--PERSONAL NAME |
| Personal name |
Kabasakal Arat, Zehra F. |
| 700 1# - ADDED ENTRY--PERSONAL NAME |
| Personal name |
Juviler, Peter H. |
| 856 41 - ELECTRONIC LOCATION AND ACCESS |
| Uniform Resource Identifier |
http://www.loc.gov/catdir/toc/ecip062/2005030654.html |
| 942 ## - ADDED ENTRY ELEMENTS (KOHA) |
| Koha item type |
សៀវភៅភាសាអង់គ្លេស |
| 952 ## - LOCATION AND ITEM INFORMATION (KOHA) |
| Withdrawn status [LOCAL, KOHA] |
0 |